Sociology in Our Times (Record no. 607398)

MARC details
000 -LEADER
fixed length control field 01413nam a22001937a 4500
008 - FIXED-LENGTH DATA ELEMENTS--GENERAL INFORMATION
fixed length control field 260107b |||||||| |||| 00| 0 eng d
020 ## - INTERNATIONAL STANDARD BOOK NUMBER
ISBN 9780495813910
Paper back/Hardbound hbk
041 ## - LANGUAGE CODE
Language code of text/sound track or separate title eng
082 ## - DEWEY DECIMAL CLASSIFICATION NUMBER
Classification number 301
Item number KEN
100 ## - MAIN ENTRY--AUTHOR NAME
Personal name Kendall, Diana
245 ## - TITLE STATEMENT
Title Sociology in Our Times
Statement of responsibility, etc Diana Kendall
260 ## - PUBLICATION, DISTRIBUTION, ETC. (IMPRINT)
Place of publication United Kingdom
Name of publisher Wadsworth Publishing
Year of publication 2010
300 ## - PHYSICAL DESCRIPTION
Number of Pages 741 p.
Dimensions 29 cm.
504 ## - BIBLIOGRAPHY, ETC. NOTE
Bibliography, etc Includes bibliographies and index
520 ## - SUMMARY, ETC.
Summary, etc This best-selling comprehensive book conveys the relevance of sociology by including a timely collection of theories, research, and examples, including its signature first-person accounts that open chapters. Experiences represented in the chapter openers accurately mirror the richness and complexity of society itself while also establishing the themes that are carried throughout the chapters. The author's vivid, inviting writing style, emphasis on applications, eye for the most compelling current examples, and use of assignable photo-essays and companion video engages readers and further highlights sociology relevance to all students. Kendall's text is acclaimed in the field for being the first textbook to integrate race, class, and gender issues, and for its thorough presentation of sociological theory, including contemporary perspectives such as feminism and postmodernism.
650 ## - SUBJECT ADDED ENTRY--TOPICAL TERM
Topical Term Social Inequality; Social Change; Soial groups
942 ## - ADDED ENTRY ELEMENTS (KOHA)
Koha item type English Books
Holdings
Withdrawn status Lost status Damaged status Not for loan Home library Current library Shelving location Date acquired Full call number Accession Number Price effective from Koha item type
        Anna Centenary Library Anna Centenary Library 3RD FLOOR, B WING 04.09.2010 301 KEN 302446 07.01.2026 English Books

Find us on the map